000 00728nam a2200205Ia 4500
003 GCL
008 140319s9999 xx 000 0 ara d
040 _aGCL /
_cGCL
082 0 4 _a330.12
_bب ف
100 1 _aعدنان عباس على
245 1 0 _aفخ العولمة ( عالم المعرفة 238 ) :
_bالاعتداء على الديموقراطية والرفاهية /
_cعدنان عباس على
700 1 _aشومان، هارالد \\=aبيترمارتين، هانسv
300 _a431 ص ؛
_c24 سم
650 0 4 _aالاقتصاد
650 0 4 _aالاشتراكية
650 0 4 _aالاحوال الاقتصادية
650 0 4 _aالديمقراطية
650 0 4 _aالعولمة
942 _2ddc
_cBK
999 _c52216
_d52216